| 000 | 00473nam a2200169Ia 4500 | ||
|---|---|---|---|
| 008 | 220216s9999 xx 000 0 und d | ||
| 100 | _aAnderson P A | ||
| 245 | 0 | _aDNA restriction fragment length polymorphisms in the wheat stem rust fungus, Puccinia graminis tritici | |
| 260 |
_bTheoretical and Applied Genetics _c1992 |
||
| 300 | _a715-719 | ||
| 650 | _acDNA | ||
| 650 | _aLeaf rust | ||
| 650 | _aPuccinia | ||
| 650 | _aRFLP | ||
| 700 | _aPryor A J | ||
| 942 | _cJS | ||
| 999 |
_c57332 _d57332 |
||